Výpočet hodnoty novej produkcie podľa MCEV princípov diplomová práca

Guardado en:
Detalles Bibliográficos
Autor principal: Lošonská, Kristína
Autor Corporativo: Fakulta hospodárskej informatiky EU. Katedra matematiky
Otros Autores: Šoltésová, Tatiana, 1975-
Formato: Libro
Lenguaje:eslovaco
Publicado: Bratislava 2013
Etiquetas: Agregar Etiqueta
Sin Etiquetas, Sea el primero en etiquetar este registro!

MARC

LEADER 00000nbm a2200000 4500
001 0171719
005 20161109102453.1
041 0 |a slo 
044 |a SK 
245 1 0 |a Výpočet hodnoty novej produkcie podľa MCEV princípov  |b diplomová práca  |c Kristína Lošonská ; školiteľ: Tatiana Šoltésová 
264 1 |a Bratislava  |c 2013 
300 |a 72 s. 
100 1 |a Lošonská, Kristína 
700 1 |a Šoltésová, Tatiana, 1975- 
710 2 |a Fakulta hospodárskej informatiky EU. Katedra matematiky